Social Media and Mobile Marketing: Includes Online Worksheets (Record no. 41865)

MARC details
000 -LEADER
fixed length control field 00333nam a2200121Ia 4500
008 - FIXED-LENGTH DATA ELEMENTS--GENERAL INFORMATION
fixed length control field 241015s9999 xx 000 0 und d
041 ## - LANGUAGE CODE
Language code of text/sound track or separate title eng
082 ## - DEWEY DECIMAL CLASSIFICATION NUMBER
Classification number 658.872 BHA
100 ## - MAIN ENTRY--PERSONAL NAME
Personal name Bhatia
245 ## - TITLE STATEMENT
Title Social Media and Mobile Marketing: Includes Online Worksheets
260 ## - PUBLICATION, DISTRIBUTION, ETC.
Name of publisher, distributor, etc. Wiley India
Place of publication, distribution, etc. New Delhi
Date of publication, distribution, etc. 2019
300 ## - PHYSICAL DESCRIPTION
Extent 272;. P. 23 cm

No items available.

Designed & Maintained by: LRC IMT Nagpur Contact: lrc@imtnag.ac.in© 2024. All Rights Reserved.